000 03745nam0a2200421 4500
001 RU\NLR\BIBL_A\022590042
005 20260420051219.0
010 _a978-5-901985-11-3
_9500
021 _aRU
_bКН-П-25-032083
_9КН-П-25-3172
035 _a(NLR Aleph) 022590042
090 _a13679176
_c13679176
100 _a20250723d2024 k y0rusy50 ca
101 0 _arus
_deng
102 _aRU
105 _aa z 100yy
181 0 _ai3
_baxxe
182 0 _an
200 1 _aПедагогическое образование: вызовы XXI века
_eматериалы XV Международной научно-практической конференции, посвященной памяти выдающегося ученого-педагога, академика В. А. Сластёнина, 26-27 сентября 2024 года, [в рамках которой проходил круглый стол "Семьи и детско-родительские отношения в контексте воспитательных практик: традиции и трансформации семейного воспитания"]
_fМинистерство просвещения Российской Федерации, Федеральное государственное бюджетное образовательное учреждение высшего образования "Московский педагогический государственный университет", Международная академия наук педагогического образования
_gредакционная коллегия: Подымова Л. С., доктор педагогических наук, профессор [и др.]
203 _aТекст
_bвизуальный
_cнепосредственный
210 _aМосква
_cМеждународная академия наук педагогического образования
_d2024
215 _a647 с.
_cил.
_d21
225 1 _aГод семьи, 2024
300 _aРез. англ.
320 _aБиблиогр. в конце докл.
600 1 _aСластенин
_bВ.А.
_f1930 - 2010
_gВиталий Александрович
_92195529
_3RU\NLR\AUTH\661319567
606 1 _aПедагогическое образование
_jСъезды, совещания и т.п
_91105736
_3RU\NLR\AUTH\66436088
686 1 _aЧ33(2)7-8Сластенин
686 1 _aЧ459.51я431
702 1 _4280
_7ca
_8rus
_aСластенин
_bВ. А.
_f1930-2010
_gВиталий Александрович
_9110987
_3RU\NLR\AUTH\77952
702 1 _4340
_7ca
_8rus
_aПодымова
_bЛ.С.
_gЛюдмила Степановна
_9110988
_3RU\NLR\AUTH\77953
711 1 2 _a"Педагогическое образование: вызовы XXI века", международная научно-практическая конференция
_d15
_eТамбов
_f2024
_92672796
_3RU\NLR\AUTH\880629661
711 1 2 _a"Семьи и детско-родительские отношения в контексте воспитательных практик: традиции и трансформации семейного воспитания", круглый стол
_eТамбов
_f2024
_92672797
_3RU\NLR\AUTH\880629662
712 0 2 _4570
_aМосковский педагогический государственный университет
_9281067
_3RU\NLR\AUTH\884751
942 _cBOOK
980 _aNB